| 000 | 00439nam a2200169Ia 4500 | ||
|---|---|---|---|
| 003 | GCL | ||
| 005 | 20240530100652.0 | ||
| 008 | 140319s9999 xx 000 0 eng d | ||
| 040 |
_aGCL / _cGCL |
||
| 082 | 0 | 4 |
_a780.9 _bM M |
| 100 | 1 | _aMUSEE MASSENA | |
| 245 | 1 | 0 |
_aLA MUSIQUE ET LE THEATRE INMICE ET SUR LA RIVIERA / _cMUSEE MASSENA |
| 260 |
_a[S.N] : _bMUSEE MASSENA ، _c1935 |
||
| 650 | 0 | 4 | _aARTS |
| 650 | 0 | 4 | _aMUSIC |
| 942 |
_2ddc _cBK |
||
| 999 |
_c19470 _d19470 |
||